Determinants of Human Capital Development and Macroeconomic Freedoms: DEA Modelling

Štúdia identifikuje krajiny s mechanizmami, ktoré najefektívnejšie zabezpečia, aby sa straty ľudského kapitálu nestali prekážkou posilňovania makroekonomických slobôd. Štúdia je založená na hypotéze, že zníženie absencie v práci z dôvodu osobných zdravotných problémov, nezamestnanosti a úmrtnosti ve...

Descrizione completa

Salvato in:
Dettagli Bibliografici
Autore principale: Yehorova, Yuliia, 1978-
Altri autori: Drozd, Serhii
Natura: Capitolo di libro
Lingua:inglese
Soggetti:
Tags: Aggiungi Tag
Nessun Tag, puoi essere il primo ad aggiungerne!!

MARC

LEADER 00000naa a2200000 4500
001 0305405
005 20250728085124.5
041 0 |a eng 
044 |a DE 
245 1 0 |a Determinants of Human Capital Development and Macroeconomic Freedoms: DEA Modelling  |c Yuliia Yehorova, Serhii Drozd 
520 |a Štúdia identifikuje krajiny s mechanizmami, ktoré najefektívnejšie zabezpečia, aby sa straty ľudského kapitálu nestali prekážkou posilňovania makroekonomických slobôd. Štúdia je založená na hypotéze, že zníženie absencie v práci z dôvodu osobných zdravotných problémov, nezamestnanosti a úmrtnosti vedie k zvýšeniu úrovne šiestich základných makroekonomických slobôd: podnikania, práce, obchodu, investícií, menovej a finančnej slobody. 
610 2 0 |a sloboda ekonomická 
610 2 0 |a sloboda podnikania 
610 2 0 |a obchod 
610 2 0 |a investície 
610 2 0 |a makroekonomika 
610 2 0 |a kapitál ľudský 
610 2 0 |a analýza dát 
610 2 0 |a modelovanie 
610 2 0 |a efektívnosť 
610 2 0 |a nezamestnanosť 
610 2 0 |a zdravie 
610 2 0 |a úmrtnosť 
610 2 0 |a práca 
100 1 |a Yehorova, Yuliia, 1978- 
700 1 |a Drozd, Serhii